[Event "ICS rated blitz match"]
[Site "204.178.125.65"]
[Date "1999.10.01"]
[Round "?"]
[White "BugChess"]
[Black "Hossa"]
[Result "0-1"]
[WhiteElo "2113"]
[BlackElo "2385"]
[Annotator "Fritz 5.32 (20s)"]
[PlyCount "188"]
[EventDate "1999.??.??"]

1. d4 d5 2. c4 c6 3. cxd5 cxd5 4. Nc3 Nc6 5. Bf4 5... Bg4 $146 (5... e5 6. dxe5
(6. Bxe5 Nxe5 7. dxe5 d4 8. Ne4 Qb6 (8... Qa5+ 9. Nd2 Nh6 10. a3 Nf5 11. Ngf3
Be6 12. g3 Rd8 13. b4 Qb6 14. Qa4+ Bd7 15. Qc2 d3 16. Qxd3 Be6 17. Qe4 Nd4 18.
Nxd4 Rxd4 19. Qc2 Bxb4 20. axb4 Rxb4 21. Bg2 O-O 22. O-O Rb2 23. Qc1 Rc8 24.
Qe1 Rcc2 25. Ne4 h6 26. Qa5 Qd4 27. Rfd1 Qc4 28. Qd8+ Kh7 29. Nd6 Qxe2 30. Be4+
g6 31. Bxc2 Rxc2 32. Qf6 {1-0 Burnett,J-Henshaw,J/Brighton 1980/EXT 99 (32)})
9. Nf3 Qxb2 10. Rb1 Bb4+ 11. Ned2 Bxd2+ 12. Nxd2 Qxa2 13. e3 dxe3 14. fxe3 Be6
15. Rxb7 Rd8 16. Qc1 g6 17. Qc3 Kf8 18. Bd3 Rc8 19. Qb4+ Kg7 20. O-O Nh6 21.
Ne4 Rhd8 22. Nd6 Bd5 23. Be4 Bxb7 24. Qxb7 Rb8 25. Qe7 Rf8 26. Qf6+ Kg8 27. Qg5
Kg7 28. Qf6+ Kg8 29. Qg5 Kg7 30. Qf6+ {
- Jussupow,A-Timman,J/Linares 1989/CBM 11 (30)}) 6... d4 7. Ne4 Qa5+ 8. Nd2
Nge7 9. Ngf3 Nd5 10. g3 h6 11. h4 Be7 12. Bg2 Rg8 13. Kf1 Nxf4 14. gxf4 Bg4 15.
a3 O-O-O 16. Nc4 Qb5 17. Qd3 Kb8 18. b4 g6 19. Nfd2 Bf5 20. Be4 {
Persson,H-Iruzubieta,J/Eger 1994/EXT 97/1-0 (32)}) (5... e6 6. e3 Bd6 7. Bg3 f5
8. Bd3 Nf6 9. Rc1 O-O 10. Bxd6 Qxd6 11. f4 Bd7 12. Nf3 Ne4 13. O-O Qe7 14. Qb3
Na5 15. Qd1 Rfc8 16. Ne5 Nxc3 17. bxc3 Rc7 18. Qf3 Nc6 19. g4 Nxe5 20. fxe5 g6
21. Rf2 Kh8 22. gxf5 gxf5 23. Rg2 Qh4 24. Kh1 Be8 25. Rg3 Bg6 26. Qg2 Rg8 27.
Rh3 Qe7 28. Qb2 Rgc8 29. Rg1 Qf7 30. Qg2 Rg8 31. Qd2 Qe7 32. Qb2 Qf8 33. Rg2
Rcg7 34. Qe2 Qa3 35. Qe1 Rc8 36. Rc2 b5 37. Qh4 Rf8 38. Qe1 a6 39. Qb1 Rc8 40.
Qe1 {Marshall,F-Treybal,K/Hamburg 1930/HCL/1-0 (50)}) 6. h3 Bh5 7. g4 Bg6 8.
Nf3 e6 9. Bg2 Qb6 10. Bc1 Nf6 11. O-O Be7 12. Na4 Qd8 13. Qb3 Nb4 14. Nc5 $17 (
14. a3 $5 $142 {muss geprueft werden} 14... Bc2 15. Qe3 Bxa4 16. axb4 $15)
14... Bxc5 $11 (14... Nc2 $142 15. Bf4 Bxc5 16. dxc5 Nxa1 17. Rxa1 17... Qc8
$17) 15. dxc5 Nc2 16. Rb1 Nd4 17. Nxd4 Bxb1 18. Bg5 Bg6 19. Qxb7 O-O (19... Qc8
20. Qb5+ Qd7 21. Bf4 $11) 20. Nc6 Qd7 21. Qxd7 Nxd7 22. Ne7+ Kh8 23. c6 {
Ist dieser Freibauer gefaehrlich?} 23... Nf6 24. c7 Rfe8 25. Rc1 Rxe7 26. c8=Q+
Rxc8 27. Rxc8+ Re8 28. Rc7 a6 29. f3 $14 (29. b3 29... Ra8 $16) 29... Rb8 30.
b3 Ne8 31. Ra7 Rb6 32. e4 32... Rc6 $16 (32... dxe4 33. fxe4 f6 34. Be3 $16)
33. Bf4 (33. exd5 exd5 34. f4 34... h6 $16) 33... Kg8 34. h4 h5 35. Ra8 Kf8 36.
gxh5 Bxh5 37. Bd2 f5 38. e5 (38. exd5 exd5 39. f4 39... Bf7 $16) 38... Kf7 39.
Bg5 $11 (39. a4 39... Ke7 $14) 39... Nc7 40. Rc8 {
Nun geraet Schwarz unter starken Druck.} 40... d4 41. Bd8 $15 (41. a4 41... Rc3
$11) 41... d3 42. Bg5 (42. Rxc7+ $4 {Weiss muss den Springer stehen lassen}
42... Rxc7 43. Bg5 43... Rc2 $19) 42... Rc3 $11 (42... Rc2 $5 {
steht zur Diskussion} 43. Kf1 43... Kg6 $15) 43. Bf1 Bxf3 44. Bxd3 Bb7 45. Rd8
45... Bd5 $16 (45... Bc6 46. Bc4 Rg3+ 47. Kf1 Rf3+ 48. Ke1 $16) 46. Rd7+ Kg6
47. Bc4 47... Bxc4 $2 $18 (47... Nb5 $142 48. Bxd5 exd5 49. Rd6+ Kh5 50. Rxd5
50... Nc7 $18) 48. Rxc7 Rg3+ 49. Kf2 Rxg5 50. hxg5 (50. bxc4 $6 {
ist sichtlich schlechter} 50... Rg4 $11) (50. Rxc4 $6 {ist wenig wert} 50...
Rh5 $14) 50... Bd5 51. Kg3 a5 (51... Kxg5 {
bot noch bessere Widerstandsmoeglichkeiten} 52. Rxg7+ 52... Kh6 $18) 52. Rd7 (
52. Kf4 $142 {entschiede die Partie sofort} 52... a4 53. bxa4 53... Bxa2 $18)
52... Bc6 (52... Kxg5 53. Rxg7+ Kh6 54. Rg8 $18) 53. Ra7 {Weiss plant Kf4}
53... a4 (53... Kxg5 {kann das Vorangegangene nicht ungeschehen machen} 54.
Rxg7+ (54. Rxa5 $6 54... f4+ 55. Kf2 55... Kf5 $18) 54... Kh6 55. Rc7 $18) 54.
bxa4 Kxg5 55. Rxg7+ Kh6 56. Re7 Kg5 57. Rxe6 f4+ 58. Kh2 Bxa4 59. Re7 (59. Rf6
$5 $142 {laesst dem Gegner kaum Chancen} 59... Bd7 $18) 59... Bc6 60. Kg1 Kf5
61. Kf2 Bb5 62. Kg2 Bc6+ 63. Kg1 Bd5 (63... Bb5 {waere gleichermassen fruchtlos
} 64. a3 $18) 64. a3 (64. a4 $5 $142 {und Weiss haette es noch leichter} 64...
Bb3 65. a5 65... Bc4 $18) 64... Bb3 65. Re8 (65. Kf1 {ginge schneller} 65...
Ke4 $18) 65... Be6 (65... Ba4 66. Ra8 Bb3 67. Ra5 $18) 66. Kg2 Bd7 67. Re7 Ba4
68. Kh2 Bb3 69. Re8 (69. Kg1 {waere im Gewinnsinne praeziser} 69... Bc2 $18)
69... Bd5 70. Kh3 Be6 71. Kg2 $4 $11 {wirft den sicheren Gewinn weg} (71. Kh4
$142 {und nichts geht mehr} 71... Bd5 72. a4 $18) 71... Bd7 72. Re7 $4 $11 {
danach kann Weiss alle Traeume begraben} (72. Rb8 $18 $142 {
und Weiss bekommt die Oberhand}) 72... Ba4 73. Kh2 $4 $11 {
laesst den Gewinn aus} (73. Kf2 $18 $142 {und Weiss ist direkt am Ziel}) 73...
Bb3 74. Re8 $4 $11 {vergibt den sicheren Gewinn} (74. Kg1 $18 $142 {
sichert den Gewinn}) 74... Bd5 75. Re7 $4 $11 {und der Gewinn ist perdu} (75.
a4 $18 $142 {liesse Schwarz keine Chance}) 75... Bb3 76. Kh3 (76. Kg1 {
gibt noch groesseren Vorteil} 76... Bc2 $18) 76... Be6 77. Re8 Kxe5+ 78. Kh4
Kf5 79. Rf8+ Ke4 80. Kg5 (80. a4 $5 {
damit wuerde Weiss es sich noch erleichtern} 80... Bc4 81. a5 81... Ke3 $18)
80... f3 81. Re8 (81. a4 {erleichterte Weiss die Gewinnfuehrung} 81... Bd5 $18)
81... Ke5 82. Rb8 $16 (82. a4 $5 $142 82... Kd6 83. Rf8 $18) 82... Bc4 $18 (
82... Ke4 $5 $16 $142) 83. Rc8 $4 $11 {vergibt den Vorteil} (83. Rf8 $142 {
nun kommt Weiss in Vorteil} 83... Be2 84. Kh4 $18) 83... f2 84. Re8+ Kd4 85.
Rf8 f1=R 86. Rd8+ $4 $19 {wirft den Vorteil weg} (86. Rxf1 $142 {
haette die Partie gerettet} 86... Bxf1 87. a4 $11) 86... Kc3 (86... Bd5 {
damit wuerde Schwarz es sich noch erleichtern} 87. Rb8 $19) 87. Re8 (87. a4 Ra1
88. Ra8 88... Kd4 $19) 87... Ra1 88. Ra8 Bd5 89. Ra7 Rg1+ (89... Bb3 90. Kf6
$19) 90. Kf5 Rf1+ 91. Ke5 Bc4 92. Rd7 Ra1 93. Ra7 Re1+ 94. Kd6 Rd1+ (94... Rd1+
95. Kc6 95... Rg1 $19) 0-1

[Event "ICS rated blitz match"]
[Site "204.178.125.65"]
[Date "1999.09.30"]
[Round "?"]
[White "BugChess"]
[Black "Hossa"]
[Result "0-1"]
[WhiteElo "2102"]
[BlackElo "2485"]
[Annotator "Fritz 5.32 (20s)"]
[PlyCount "158"]
[EventDate "1999.??.??"]

1. e4 e5 2. Nc3 Nf6 3. Nf3 Nc6 4. d4 exd4 5. Nxd4 Bb4 6. Nxc6 Bxc3+ 7. bxc3
bxc6 8. Bd3 O-O (8... Qe7 9. O-O O-O 10. Re1 Qc5 11. e5 Nd5 12. Qh5 (12. c4 Nb4
13. Ba3 Qa5 14. Re3 c5 15. Bxh7+ Kxh7 16. Qh5+ Kg8 17. Rh3 f6 18. Qh7+ Kf7 19.
exf6 Rg8 20. fxg7 Bb7 21. Qf5+ Ke7 22. Re1+ Kd6 23. Rh6# {
1-0 Helin,T-Tuovinen,J/Helsinki 1997/EXT 99 (23)}) 12... g6 13. Qh6 Re8 14. c4
Nb6 15. Bg5 Qf8 16. Qh4 Ba6 17. Re3 f5 18. Bf6 Qf7 19. Bxf5 Nxc4 20. Bxg6 Qxg6
21. Rg3 Qxg3 22. Qxg3+ {1-0 Palos,O-Steinberger,H/Porz 1991/EXT 97 (22)}) 9.
O-O 9... Re8 $146 (9... d6 10. Bg5 h6 11. Bh4 Re8 12. Re1 Re6 13. e5 Rxe5 14.
Rxe5 dxe5 15. Bh7+ {1-0 Hager,I-Schmidt Bundschuh,S/Lingen 1995/Juniors (15)})
(9... h6 10. e5 Nd5 11. c4 Nb4 12. Be2 a5 13. a3 Na6 14. Bb2 d5 15. exd6 Qxd6
16. Qe1 Qe6 17. Qc3 f6 18. Rfe1 Qf7 19. Bf3 Be6 20. Bxc6 Rab8 21. Rxe6 Nc5 22.
Ree1 Kh8 23. a4 Rb6 24. Bd5 Qg6 25. Ba3 {
1-0 Chandler,P-Leinweber,M/Giessen 1995/GER (25)}) 10. Re1 Rb8 (10... d6 11.
Qf3 $11) 11. e5 Nd5 12. c4 $11 (12. Qh5 g6 13. Qh6 13... Re6 $14 (13... Nxc3
14. Bg5 Re7 15. Qh4 $18 (15. Bxe7 $6 15... Qxe7 16. Re3 16... a6 $16))) 12...
Nb4 13. Be4 Na6 (13... Rxe5 $2 {ist nicht korrekt} 14. Bxh7+ $1 {
zwingend und schoen} 14... Kxh7 15. Rxe5 $18) 14. g3 (14. Ba3 14... c5 $11 (
14... Rxe5 $2 {laeuft nicht} 15. Bxh7+ Kxh7 16. Rxe5 $18)) 14... Nc5 (14...
Rxe5 $2 {uebersieht} 15. Bxh7+ $1 {die Entscheidung} 15... Kxh7 16. Rxe5 $18)
15. Bg2 Ba6 16. f4 16... Qe7 $14 (16... Na4 17. c3 Nb6 18. c5 $11) 17. Ba3 Qf8
(17... Bxc4 $2 {funktioniert nicht} 18. Qd4 Ne6 19. Qc3 $18 (19. Qxa7 $6 19...
Qd8 $14)) 18. Qd4 Ne6 19. Qd3 19... Nc5 {Der Springer ist wirkungsvoll plaziert
} 20. Qe3 d6 21. Bxc6 Re6 22. Bd5 Ree8 23. Rad1 Rb6 24. Qc3 24... Nb7 $2 $18 (
24... Bc8 $16 $142) 25. Bg2 $16 (25. exd6 $142 {
Weiss haette nun das bessere Spiel} 25... Rxe1+ 26. Rxe1 (26. Qxe1 $6 26...
cxd6 27. Rd3 27... Qd8 $18) 26... cxd6 27. Bb2 Rxb2 28. Qxb2 $18) 25... Rb8 26.
g4 Kh8 27. f5 Kg8 28. e6 fxe6 29. fxe6 {e6 setzt sich schnell in Bewegung}
29... Qf4 $4 $18 {damit ist die Partie vorbei} (29... Qe7 $16 $142) 30. Re4 (
30. e7 Qxg4 31. e8=R+ Rxe8 32. Rxe8+ Kf7 33. Rde1 $18) 30... Qg5 31. e7 Re8 32.
Bc1 (32. Rf1 Nc5 (32... Rxe7 {
Nach wie vor ist das Nehmen des Bauern fuer Schwarz nicht moeglich} 33. Qf3 Qf6
34. Qxf6 gxf6 35. Rxe7 Bxc4 36. Rxf6 $18) 33. Rf8+ Rxf8 34. exf8=R+ Kxf8 35.
Qf3+ 35... Qf6 $18) 32... Qh4 $2 (32... Qg6 33. Rf4 $1 {kraeftig gespielt}
33... Nc5 (33... Rxe7 $4 {vergiftet...} 34. Bd5+ Re6 35. Rdf1 $18) 34. Bd5+
34... Ne6 $18) 33. Rf4 {Mit der Mattdrohung Bd5} 33... Qxe7 (33... Rxe7 34.
Bd5+ Rf7 35. Bxf7+ Kh8 36. Re4 Bb5 37. cxb5 Qxh2+ 38. Kxh2 h6 39. Re8+ Kh7 40.
Qd3+ g6 41. Qxg6#) 34. Re4 $16 (34. Bd5+ $142 {und nichts geht mehr} 34... Kh8
35. Rf7 Qxf7 36. Bxf7 $18) 34... Qd7 $4 $18 {Schwarz verkuerzt seine Leiden} (
34... Qxe4 $142 35. Bxe4 35... Rxe4 $18) 35. Rxe8+ Qxe8 36. Bb2 (36. Bd5+ $142
{und Schwarz kann direkt aufgeben} 36... Kh8 37. Re1 $18) 36... Qg6 $4 {
fuehrt zum raschen Untergang} (36... Rxb2 $142 37. Bd5+ 37... Kh8 $18) 37. Bd5+
Kh8 (37... Kf8 {ist vielleicht noch ein Schwindelversuch} 38. Rf1+ Ke7 39. Qe1+
Kd7 40. Rf7+ Qxf7 41. Bxf7 c5 42. Qe8+ Kc7 43. Qe7+ 43... Kb8 $18) 38. Rf1 $1 {
huebsch} 38... Qxg4+ (38... h5 {
kann das Vorangegangene nicht ungeschehen machen} 39. Rf8+ Kh7 40. Bg8+ Kh6 41.
Bc1+ Qg5 42. Bxg5+ Kxg5 43. Rf5+ Kh6 44. Qe3+ g5 45. Qxg5#) 39. Kh1 h5 (39...
h6 {nuetzt auch nichts mehr} 40. Rf8+ Kh7 41. Qd3+ Qg6 42. Bg8+ Kh8 43. Bf7+
Kh7 44. Qxg6#) 40. Rf8+ $18 (40. Qd3 Qc8 41. Qg6 Qg8 42. Qxh5+ Qh7 43. Rf8#)
40... Kh7 {Schwarz haelt das Heft fest in der Hand} 41. Be4+ $19 (41. Bg8+ Kh6
42. Bc1+ Qg5 43. Bxg5+ Kg6 44. Qg3 h4 45. Bxh4+ Kh6 46. Qg5#) 41... Qxe4+ 42.
Kg1 {Mit der Mattdrohung Qxg7} 42... Qg6+ 43. Qg3 (43. Kf1 {
waere gleichermassen fruchtlos} 43... d5 44. Qxg7+ Qxg7 45. Bxg7 45... Kxg7 $19
) 43... Qxg3+ $1 {logisch und kraftvoll} (43... Rxb2 $6 {verbietet sich, da}
44. Rh8+ $5 44... Kxh8 45. Qxg6 $11) 44. hxg3 Rxb2 45. c3 (45. Rc8 {
hilft auch nicht mehr} 45... Rxa2 46. Rxc7 46... Rxc2 $19) 45... Rxa2 46. Re8 (
46. Rf4 {aendert nichts mehr} 46... Kg6 $19) 46... Ra3 (46... Nc5 $5 {
ist genauer} 47. Re7 $19) 47. Kh2 (47. Kf2 {hilft allerdings auch nicht} 47...
c5 $19) 47... Rxc3 48. Ra8 Rxc4 49. Rxa7 Ra4 50. Ra8 Ra2+ 51. Kg1 Nc5 52. Ra7
c6 (52... Ne4 $5 {waere im Gewinnsinne praeziser} 53. Ra8 $19) 53. Rc7 Bb5 (
53... Ne4 $5 {und Schwarz haette es noch leichter} 54. Ra7 $19) 54. Re7 Re2 (
54... Bc4 $5 {gibt noch groesseren Vorteil} 55. Re3 $19) 55. Rxe2 Bxe2 56. Kf2
Bg4 57. Kg1 g5 (57... Nd3 $142 {machte sofort alles klar} 58. Kg2 $19) 58. Kh1
Ne4 59. Kg2 Kg8 60. Kh2 Bf3 61. Kh3 Kf7 62. Kh2 g4 (62... d5 63. g4 d4 64. gxh5
d3 65. h6 d2 66. h7 d1=Q 67. h8=N+ Ke6 68. Nf7 Qh1#) 63. Kg1 63... Nxg3 $19 (
63... d5 64. Kh2 d4 65. Kg1 d3 66. Kh2 d2 67. Kg1 d1=Q+ 68. Kh2 Qh1#) 64. Kf2
Ke6 (64... Ne4+ $142 {ist der schnellste Weg} 65. Ke3 h4 66. Kd4 $19) 65. Kxg3
h4+ 66. Kxh4 g3 (66... Kf5 67. Kg3 Bd5 68. Kf2 Kf4 69. Ke2 Bf3+ 70. Kd2 g3 71.
Ke1 Ke3 72. Kf1 g2+ 73. Kg1 c5 74. Kh2 Kf2 75. Kh3 g1=Q 76. Kh4 Qg4#) 67. Kxg3
Ke5 68. Kxf3 Kd4 69. Kg3 Ke3 70. Kh3 c5 71. Kh4 71... c4 {Droht Matt} 72. Kh5
c3 73. Kh6 73... Kf4 {Droht Matt: c2} 74. Kh7 (74. Kg7 {
holt die Kuh nicht vom Eis} 74... c2 75. Kf6 c1=Q 76. Ke6 Qc6 77. Kf7 Kf5 78.
Ke7 Qc7+ 79. Ke8 Ke6 80. Kf8 Qf7#) 74... Kf5 75. Kh8 (75. Kh6 {
macht keinen grossen Unterschied} 75... c2 76. Kg7 c1=Q 77. Kf8 Kf6 78. Kg8 Qc7
79. Kf8 Qf7#) 75... c2 76. Kg8 (76. Kg7 {
kann das Vorangegangene nicht ungeschehen machen} 76... c1=Q 77. Kf8 Kf6 78.
Kg8 Qc7 79. Kf8 Qf7#) 76... c1=Q 77. Kf8 Kf6 78. Kg8 Qh1 79. Kf8 Qh8# 0-1

[Event "ICS rated blitz match"]
[Site "204.178.125.65"]
[Date "1999.10.02"]
[Round "?"]
[White "BugChess"]
[Black "Hossa"]
[Result "0-1"]
[WhiteElo "2218"]
[BlackElo "2434"]
[PlyCount "184"]
[EventDate "1999.??.??"]

1. d4 Nf6 2. Nf3 e6 3. Bg5 h6 4. Bh4 d5 5. e3 Bd6 6. Be2 O-O 7. O-O c5 8. Bxf6
Qxf6 9. c4 Nc6 10. Nc3 Rd8 11. cxd5 exd5 12. dxc5 Bxc5 13. Nxd5 Qf5 14. e4 Qxe4
15. Nc3 Qf5 16. Qb3 Rb8 17. Rad1 Nd4 18. Nxd4 Rxd4 19. Rxd4 Bxd4 20. Qa4 Qe5
21. Rd1 Bxc3 22. Rd8+ Kh7 23. Re8 Be6 24. Qc2+ g6 25. Rxb8 Qxb8 26. bxc3 Qe5
27. c4 f5 28. Bf1 g5 29. Qd3 Kg6 30. Qa3 Qd4 31. c5 Qd1 32. Qb4 Bd5 33. Qb5 h5
34. a3 Qc1 35. a4 Qe1 36. Qd3 Qe6 37. Qd1 Qe4 38. a5 g4 39. a6 bxa6 40. Qd2 h4
41. Qc3 Bb7 42. Qh8 Qe7 43. Qg8+ Kf6 44. Qb8 Bd5 45. Qh8+ Kg5 46. h3 Qxc5 47.
Qg7+ Kf4 48. hxg4 fxg4 49. Qf6+ Ke4 50. Bxa6 Qb6 51. Qe7+ Kf4 52. Bd3 Qe6 53.
Qxh4 Qe1+ 54. Bf1 Qe6 55. Qh5 Qf5 56. Qh8 a5 57. Qg7 Bf7 58. g3+ Ke4 59. Qc3
Qd7 60. Qxa5 Qd1 61. Qg5 Bb3 62. Qh5 Kd4 63. Qa5 Bc4 64. Qd8+ Bd5 65. Qf8 Qf3
66. Qg7+ Kc5 67. Qc7+ Bc6 68. Qe5+ Bd5 69. Qh5 Kb4 70. Qh8 Kb3 71. Qb8+ Kc2 72.
Qc8+ Bc6 73. Qh8 Kb3 74. Qg8+ Ka3 75. Qh7 Kb2 76. Qg7+ Kb1 77. Qg6+ Be4 78.
Qb6+ Kc2 79. Qc5+ Kb2 80. Qd4+ Kc2 81. Qc4+ Kb1 82. Qb4+ Kc2 83. Qa4+ Kb1 84.
Qb5+ Kc1 85. Qc5+ Kd1 86. Qh5 Bc6 87. Qh6 Bd5 88. Qh8 Qe4 89. Qa1+ Kc2 90. f4
Qe3+ 91. Kh2 Qf2+ 92. Bg2 92... Qxg2# {BugChess checkmated} 0-1

[Event "ICS rated blitz match"]
[Site "204.178.125.65"]
[Date "1999.10.12"]
[Round "?"]
[White "BugChess"]
[Black "Hossa"]
[Result "0-1"]
[WhiteElo "2272"]
[BlackElo "2422"]
[PlyCount "238"]
[EventDate "1999.??.??"]

1. d4 Nf6 2. c4 e6 3. Nf3 b6 4. g3 Bb7 5. Bg2 Be7 6. O-O O-O 7. Nc3 d5 8. Ne5
c5 9. dxc5 Bxc5 10. cxd5 Nxd5 11. Nxd5 Bxd5 12. e4 Bb7 13. Bf4 Bd4 14. Qd2 Bxe5
15. Qxd8 Rxd8 16. Bxe5 Nc6 17. Bf4 Nd4 18. Kh1 Rac8 19. Rac1 Rxc1 20. Bxc1 Ba6
21. Rd1 Be2 22. Re1 Nf3 23. Bxf3 Bxf3+ 24. Kg1 Bxe4 25. Bg5 Rd4 26. b3 Bf3 27.
Rc1 f6 28. Be3 Rd7 29. Rc8+ Kf7 30. Rc1 e5 31. Kf1 f5 32. Ke1 Kf6 33. Bd2 Rd3
34. Rc7 a5 35. Rc8 Rd4 36. Rb8 Rd6 37. Rf8+ Kg6 38. Re8 e4 39. h3 h6 40. Re7
Kf6 41. Re8 g5 42. Rf8+ Kg6 43. Rb8 Kf7 44. Rb7+ Ke6 45. Rh7 Kd5 46. Rh8 Kd4
47. Re8 Bg2 48. Rb8 Kc5 49. h4 gxh4 50. Bf4 Rg6 51. gxh4 h5 52. Bg5 Kb5 53. Rd8
Kb4 54. Rc8 Bf3 55. Be7+ Kb5 56. Bg5 Rd6 57. Bd2 Rd3 58. Rc1 Rd8 59. Bg5 Rd6
60. Bd2 Ka6 61. Rc8 Rd7 62. Rf8 Rd5 63. Ra8+ Kb7 64. Re8 Rc5 65. a3 Rc2 66.
Re7+ Ka6 67. b4 Ra2 68. Bc1 axb4 69. axb4 Ra4 70. Re5 Rxb4 71. Rxf5 Rd4 72. Bd2
Ra4 73. Be3 Ra2 74. Rf7 Re2+ 75. Kf1 Rb2 76. Ke1 Kb5 77. Rf8 Ka4 78. Bc1 Re2+
79. Kf1 Ra2 80. Ra8+ Kb3 81. Rb8 Be2+ 82. Ke1 b5 83. Bh6 Bd3 84. Bf4 Rb2 85.
Be5 Re2+ 86. Kd1 Rxf2 87. Re8 b4 88. Bg3 Rc2 89. Bf4 Be2+ 90. Ke1 Bf3 91. Bd2
Rc4 92. Rb8 Ka3 93. Ra8+ Kb2 94. Ra4 Kb3 95. Ra7 Rc8 96. Rd7 Ra8 97. Kf2 Ra2
98. Ke3 Ra3 99. Kf4 Ra1 100. Rb7 Ra4 101. Rd7 Ka2 102. Rd4 Ka3 103. Bc1+ Kb3
104. Bd2 Bg2 105. Rd5 e3 106. Rd3+ Kc2 107. Kxe3 Ra3 108. Rxa3 bxa3 109. Bb4 a2
110. Kf2 Be4 111. Kg1 a1=Q+ 112. Kf2 Qd4+ 113. Kf1 Qxb4 114. Kf2 Bg2 115. Kxg2
Qxh4 116. Kf1 Qh2 117. Ke1 Kd3 118. Kf1 Ke3 119. Ke1 119... Qh1# {
BugChess checkmated} 0-1

[Event "ICS rated blitz match"]
[Site "204.178.125.65"]
[Date "1999.10.12"]
[Round "?"]
[White "BugChess"]
[Black "Hossa"]
[Result "1/2-1/2"]
[WhiteElo "2270"]
[BlackElo "2424"]
[PlyCount "184"]
[EventDate "1999.??.??"]

1. e4 e5 2. Nf3 Nc6 3. Bb5 a6 4. Ba4 Nf6 5. O-O b5 6. Bb3 Bb7 7. Re1 Bb4 8. Ng5
O-O 9. c3 Ba5 10. Bxf7+ Rxf7 11. Qb3 Qe7 12. Qxf7+ Qxf7 13. Nxf7 Kxf7 14. d3
Nd4 15. Na3 Ne6 16. b4 Bb6 17. Be3 Bxe3 18. Rxe3 d5 19. exd5 Nxd5 20. Rxe5 Nxc3
21. Rae1 Bc8 22. Nc2 Nxa2 23. d4 Nc3 24. R1e3 Nd1 25. Rf3+ Kg6 26. Rg3+ Kf6 27.
Rf3+ Kg6 28. d5 Nd8 29. Re7 Bb7 30. Rxc7 Bxd5 31. Rg3+ Kh6 32. Rd3 Ne6 33. Re7
Nf4 34. Rxd1 a5 35. g3 Ng6 36. Rc7 Bb3 37. Rdd7 Bxc2 38. Rxc2 Ne5 39. Re7 Nf3+
40. Kg2 Nd4 41. Rc5 axb4 42. Rd7 Ne2 43. Rxb5 Ra4 44. Rbb7 Kg6 45. Rxg7+ Kf5
46. g4+ Kf4 47. h4 h6 48. Rbe7 Ra2 49. f3 Ng1+ 50. Kxg1 Kg3 51. Ra7 Rc2 52.
Rac7 Rb2 53. Kf1 Kxf3 54. Rcf7+ Kg3 55. h5 Rb1+ 56. Ke2 Rb2+ 57. Ke3 Rb3+ 58.
Kd2 Rb2+ 59. Kd3 Rb3+ 60. Kc4 Re3 61. Kxb4 Re4+ 62. Kc3 Re3+ 63. Kd2 Re5 64.
Re7 Rxe7 65. Rxe7 Kf4 66. Rg7 Kg3 67. Rg6 Kf3 68. Kd3 Kf4 69. g5 hxg5 70. h6
Kf5 71. Rxg5+ Kxg5 72. h7 Kf6 73. h8=Q+ Ke7 74. Qg8 Kf6 75. Qb3 Ke7 76. Qd1 Kd7
77. Qa4+ Ke6 78. Qb3+ Ke7 79. Qd1 Kd7 80. Qa4+ Ke6 81. Qc4+ Kf5 82. Qb3 Ke5 83.
Qd1 Kf5 84. Ke3 Kf6 85. Qb3 Ke7 86. Qd1 Kf6 87. Kf3 Kg7 88. Qb3 Kh7 89. Kg3 Kg7
90. Qd1 Kf7 91. Qd6 Kg7 92. Qd7+ 92... Kg6 {
BugChess ran out of time and Hossa has no material to mate} 1/2-1/2

[Event "ICS rated blitz match"]
[Site "204.178.125.65"]
[Date "1999.10.04"]
[Round "?"]
[White "BugChess"]
[Black "Hossa"]
[Result "0-1"]
[WhiteElo "2253"]
[BlackElo "2360"]
[PlyCount "90"]
[EventDate "1999.??.??"]

1. e4 e6 2. d3 d5 3. Nd2 c5 4. Ngf3 Nc6 5. c3 Nf6 6. g3 Bd6 7. Bg2 O-O 8. O-O
e5 9. exd5 Nxd5 10. Nc4 Bc7 11. Re1 f6 12. Qb3 Rf7 13. Ncxe5 fxe5 14. Nxe5 Nxe5
15. Bxd5 c4 16. dxc4 Nf3+ 17. Bxf3 Rxf3 18. Qb5 Bd7 19. Qd5+ Rf7 20. Bg5 Qf8
21. Qxb7 Bd6 22. Qd5 Rc8 23. b4 Bc6 24. Qd4 Bb8 25. c5 h6 26. Be3 Rd8 27. Qc4
Bd5 28. Qe2 Bf3 29. Qc2 Kh8 30. c4 Kg8 31. b5 Be5 32. Rac1 Bc7 33. c6 Ba5 34.
Rf1 Bb4 35. Bxa7 Rxa7 36. Qb3 Ra3 37. Qb2 Rd2 38. Rc2 Rxc2 39. Qxc2 Qc8 40. Qf5
Qxf5 41. Re1 Bxe1 42. c7 Bxf2+ 43. Kf1 Qh3+ 44. Kxf2 Qg2+ 45. Ke1 45... Qe2# {
BugChess checkmated} 0-1

[Event "ICS rated blitz match"]
[Site "204.178.125.65"]
[Date "1999.09.26"]
[Round "?"]
[White "BugChess"]
[Black "Hossa"]
[Result "0-1"]
[WhiteElo "2203"]
[BlackElo "2473"]
[PlyCount "112"]
[EventDate "1999.??.??"]

1. Nc3 d5 2. d4 Bf5 3. e3 Nc6 4. Nf3 Nb4 5. Bb5+ c6 6. Bd3 Nxd3+ 7. cxd3 Bg4 8.
O-O e6 9. e4 Bd6 10. Qb3 Bxf3 11. gxf3 b6 12. f4 Ne7 13. Re1 O-O 14. Bd2 f6 15.
Rad1 Qb8 16. Ne2 Rf7 17. Kh1 e5 18. fxe5 fxe5 19. dxe5 Bxe5 20. d4 Bxh2 21. f4
Bxf4 22. Nxf4 Rxf4 23. Bxf4 Qxf4 24. exd5 Qh4+ 25. Kg1 Qg4+ 26. Kh2 Nxd5 27.
Qg3 Qf5 28. Kg1 Qc2 29. Qd6 Rf8 30. Qe6+ Kh8 31. Qf7 Rg8 32. Qf2 Qg6+ 33. Qg2
Qh6 34. Qd2 Nf4 35. Qh2 Qg5+ 36. Kh1 Qd5+ 37. Kg1 Qf3 38. Qd2 Nh3+ 39. Kh2 Nf2
40. Re2 Qh3+ 41. Kg1 Qh1+ 42. Kxf2 Rf8+ 43. Qf4 Rxf4+ 44. Ke3 Qxd1 45. Kxf4
Qxe2 46. a3 Qd3 47. Ke5 Qe3+ 48. Kf5 g6+ 49. Kf6 Qxd4+ 50. Kf7 Qd5+ 51. Ke7 Kg7
52. b4 a5 53. bxa5 bxa5 54. Ke8 Kf6 55. a4 c5 56. Kf8 56... Qf7# {
BugChess checkmated} 0-1